01261aam a2200361 i 4500001001000000003001000010005001700020007000300037008004100040020001800081040004700099041000800146082002400154100003000178245003700208264005300245264001200298300002700310336002700337337003300364338002800397490004500425500003500470501001500505505011500520563001600635630002500651653004100676942000800717945001200725952014500737999001700882768714001CO-MdFUSB20220506151944.0ta160907t2010 -us |||| |||| 00| 0 eng d a9781587431128 cCO-MdFUSBaCO-MdFUSBbspadCO-MdFUSBCerda aeng 224aR 220.77bB827b1 aMangina, Joseph L.dautor00aRevelationc / Joseph L. Mangina 1aGrand Rapids, Michigan : bBrazos Press,c[2010] 4c© 2010 a271 páginasc; 24 cm 2rdacontentatextobtxt 2rdamediaasin mediaciónbn 2rdacarrieravolumenbnc aBrazo Theological Comentary on the Bible aIncluye índices (p. 259-271) aPasta dura aJesús en Patmos - La fabricación y reconstrucción del mundo - Babilonia ha caído - La cena del Cordero aPasta dura 07aBiblia.pApocalipsis aBiblia -- Apocalipsis -- Comentarios cREF aJTF-925 00102ddc40708REFaFUSBCbFUSBCd2015-07-21l0o R 220.77 B827bp20596r2019-12-12 00:00:00tVol. 51, ej. 1w2016-01-26yREFB0IINV2023 c46658d46658